| 000 | 01475nam a22002897a 4500 | ||
|---|---|---|---|
| 001 | 7087 | ||
| 003 | FISKH | ||
| 005 | 20250620133432.0 | ||
| 008 | 250620b cb ||||| |||| 00| 0 eng d | ||
| 040 |
_aFISKH _beng _cFISKH _dFISKH |
||
| 050 | _aSF75.5 .H39 | ||
| 082 | _a268.8 | ||
| 100 | _aHayes, Sue Turner | ||
| 245 |
_aGod made farm animals / _cWritten by Sue Turner Hayes ; Photography by Robert Cushman Hayes |
||
| 250 | _aThis edition published in 1989. | ||
| 260 |
_aOhio : _bStandard Publishing Company, _c1984. |
||
| 300 |
_a24 unnumbered pages : _bcolor illustrations ; _c21 cm |
||
| 490 | _aA happy day book | ||
| 505 | _aF | ||
| 520 | _aGod Made Farm Animals is a charming Christian-themed picture book that introduces young children to the animals commonly found on a farm—like cows, pigs, chickens, and sheep. Through simple, rhyming text and colorful photos, the book emphasizes that each animal is a special creation made by God. It teaches children to appreciate the beauty, uniqueness, and purpose of each farm animal while reinforcing the message that God's creativity is seen in all living things. The tone is gentle and affirming, making it ideal for preschoolers and early readers learning about both nature and faith. | ||
| 521 | 8 |
_a300
_bLexile estimate |
|
| 521 | 8 |
_aF
_bRaz-Plus |
|
| 650 |
_aAnimals _vFarming God _xLearning |
||
| 700 |
_aHayes, Robert Cushman _eillustrator |
||
| 942 |
_2ddc _cBK _n0 |
||
| 999 |
_c7087 _d7087 |
||